000 00916nam a2200241Ia 4500
003 OSt
005 20220923222631.0
006 a|||||r|||| 00| 0
007 ta
008 220922b |||||||| |||| 00| 0 hin d
024 _a206,647
037 _cTextual
040 _aARTS
_cARTS
_bhin
041 _2hin
_ahin
082 _aO152,6M83:g, M5;N4
100 _aशुक्ल, रामचंद्र; शर्मा, रामविलास, संपा.
_9156882
245 0 _aलोक जागरण और हिन्दी साहित्य
246 _aLok jāgaraṇ aur hindī sāhitya
260 _aनई दिल्ली
_b वाणी प्रका0
_c1994
300 _a207पृ.
_ccm.
942 _hO152,6M83:g, M5;N4
_cTEXL
_2CC
999 _c357289
_d357289